The OAS and United States foreign policy.

Bibliographic Details
Main Author: Slater, Jerome
Corporate Author: Mershon Center for Education in National Security
Format: Book
Language:English
Published: [Columbus] : Ohio State University Press, [1967]
Subjects:

MARC

Tag First Indicator Second Indicator Subfields
LEADER 00000cam a22000001 4500
001 in00000054001
005 20151008051415.0
008 740514s1967 ohu b 00000 eng
010 |a  67010162  
035 |a (OCoLC)00204199 
035 |9 AAG7686AM 
040 |a DLC  |c DLC  |d TXA  |d UtOrBLW 
043 |a cl-----  |a n-us--- 
049 |a TXAM  |c [475682] 
050 0 0 |a F1402  |b .S53 1967 
092 |a 341.181  |b S631o 
100 1 |a Slater, Jerome. 
245 1 4 |a The OAS and United States foreign policy. 
264 1 |a [Columbus] :  |b Ohio State University Press,  |c [1967] 
300 |a viii, 315 pages ;  |c 22 cm. 
336 |a text  |b txt  |2 rdacontent 
337 |a unmediated  |b n  |2 rdamedia 
338 |a volume  |b nc  |2 rdacarrier 
500 |a "A publication of the social science program of the Mershon Center for Education in National Security of the Ohio State University." 
504 |a Bibliography: pages 293-299. 
610 2 0 |a Organization of American States. 
651 0 |a United States  |x Foreign relations  |z Latin America. 
651 0 |a Latin America  |x Foreign relations  |z United States. 
710 2 |a Mershon Center for Education in National Security. 
999 |a MARS 
999 f f |s c1816a78-0a57-3b5d-b78a-ab3b85a64000  |i 5b11c0e2-270e-3e63-8dc7-99a596ac9000  |t 0 
952 f f |p normal  |a Texas A&M University  |b College Station  |c Sterling C. Evans Library  |d Evans: Library Stacks  |t 0  |e F1402 .S53 1967  |h Library of Congress classification  |i unmediated -- volume  |m A14800783443 
998 f f |a F1402 .S53 1967  |t 0  |l Evans: Library Stacks